the study of usage corn bran on growth rate of hubbard broiler at the research station of royal university of agriculture (ការសិក្សាលើការប្រើប្រាស់កន្ទក់ពោតទៅលើការលូតលាស់របស់មាន់សាច់ពូជ hubbard នៅស្ថានីយ៍ចិញ្ចឹមសត្វនៃសាកលវិទ្យាល័យភូមិន្ទកសិកម្ម) (Record no. 1981)

000 -LEADER
fixed length control field 00835nam a22001577a 4500
003 - CONTROL NUMBER IDENTIFIER
control field OSt
005 - DATE AND TIME OF LATEST TRANSACTION
control field 20151006091800.0
008 - FIXED-LENGTH DATA ELEMENTS--GENERAL INFORMATION
fixed length control field 151006b xxu||||| |||| 00| 0 eng d
040 ## - CATALOGING SOURCE
Transcribing agency RUA
082 ## - DEWEY DECIMAL CLASSIFICATION NUMBER
Classification number AVM YOS 2003 B074 Or.1
100 ## - MAIN ENTRY--PERSONAL NAME
9 (RLIN) 2100
Personal name YOS, SOPHOAN.
245 ## - TITLE STATEMENT
Title the study of usage corn bran on growth rate of hubbard broiler at the research station of royal university of agriculture (ការសិក្សាលើការប្រើប្រាស់កន្ទក់ពោតទៅលើការលូតលាស់របស់មាន់សាច់ពូជ hubbard នៅស្ថានីយ៍ចិញ្ចឹមសត្វនៃសាកលវិទ្យាល័យភូមិន្ទកសិកម្ម)
260 ## - PUBLICATION, DISTRIBUTION, ETC. (IMPRINT)
Place of publication, distribution, etc. Phnom Penh
Name of publisher, distributor, etc. RUA
Date of publication, distribution, etc. 2003
300 ## - PHYSICAL DESCRIPTION
Extent viii, 45p.
Other physical details ill.
Dimensions 29cm.
942 ## - ADDED ENTRY ELEMENTS (KOHA)
Source of classification or shelving scheme
Koha item type AVM
Holdings
Price effective from Date last seen Permanent Location Not for loan Date acquired Source of classification or shelving scheme Koha item type Lost status Withdrawn status Date last checked out Total Checkouts Shelving location Damaged status Barcode Current Location Full call number
2015-10-062015-10-06Library Block B 2015-10-06 AVM    B074 RUA015119Library Block BAVM YOS 2003 B074 Or.1
2015-10-062020-01-13Library Block B 2015-10-06 AVM  2020-01-104B074 RUA009221Library Block BAVM YOS 2003 B074 Or.2
2015-10-062015-10-06Library Block B 2015-10-06 AVM    B074 RUA015267Library Block BAVM YOS 2003 B074 Or.3
មជ្ឈមណ្ឌលឯការនៃសាកលវិទ្យាល័យភូមិន្ទកសិកម្មចំការដូង

Powered by Koha